000 00906nam0a22002651 4500
001 rc\2623035
005 20250623142812.0
035 _a(NLR Aleph) 006786683
090 _a6100764
_c6100764
100 _a20110914d1931 |||y0rusy50 ca
101 0 _arus
102 _aRU
105 _aak z |||||
200 1 _aИльичевка летом
_eС 4 фот...
_fМалев, Черно
210 _aМосква
_cОгиз - Гос. воен. изд-во
_d1931
_gтип. "Красный пролетарий"
215 _a62 с., 2 с. анкеты
_cил.
_d18х13 см.
225 1 _aБиблиотека красноармейца
700 1 _aМалев
_bВ.А.
_gВладимир Абрамович
701 1 _aЧерно
_bА.И.
_gАнатолий Ильич
801 0 _aRU
_bNLR
_gpsbo
801 1 _aRU
_bELAR
_2rusmarc
852 _aNLR
_j31-8/5436
942 _cBOOK
980 _aNB